Skončení pracovního poměru

V r. 1982 prijala Medzinárodná konferencia práce Medzinárodný dohovor o skončení zamestnania z iniciatívy zamestnávateľa. Pracovníci z Medzinárodného úradu práce skúmali súdne rozhodnutia v členských štátoch a zhromaždili zaujímavý materiál, ktorý bol uverejnený vo World of Work.

Guardado en:
Detalles Bibliográficos
Formato: Capítulo de libro
Lenguaje:checo
Materias:
Etiquetas: Agregar Etiqueta
Sin Etiquetas, Sea el primero en etiquetar este registro!

MARC

LEADER 00000naa a2200000 4500
001 r022768
005 20230913070205.4
041 0 |a cze 
044 |a CZ 
245 1 0 |a Skončení pracovního poměru 
520 |a V r. 1982 prijala Medzinárodná konferencia práce Medzinárodný dohovor o skončení zamestnania z iniciatívy zamestnávateľa. Pracovníci z Medzinárodného úradu práce skúmali súdne rozhodnutia v členských štátoch a zhromaždili zaujímavý materiál, ktorý bol uverejnený vo World of Work. 
610 2 0 |a pomer pracovný 
610 2 0 |a právo pracovné 
610 2 0 |a zmluvy 
610 2 0 |a predpisy právne 
610 2 0 |a zamestnanci 
610 2 0 |a zamestnávatelia 
610 2 0 |a zmluvy kolektívne 
610 2 0 |a súdy